Du lịch lễ hội Việt Nam = Tourism through festivals in Viet Nam = Le tourisme à travers des fêtes traditionelles au Viet Nam
Guardado en:
| Autor Corporativo: | |
|---|---|
| Formato: | Libro |
| Lenguaje: | Undetermined |
| Publicado: |
Hà Nội
Văn hóa Thông tin
2003
|
| Materias: | |
| Etiquetas: |
Agregar Etiqueta
Sin Etiquetas, Sea el primero en etiquetar este registro!
|
| Thư viện lưu trữ: | Trung tâm Học liệu Trường Đại học Cần Thơ |
|---|
| LEADER | 00723nam a2200217Ia 4500 | ||
|---|---|---|---|
| 001 | CTU_137500 | ||
| 008 | 210402s9999 xx 000 0 und d | ||
| 020 | |c 95000 | ||
| 082 | |a 915.97 | ||
| 082 | |b T455 | ||
| 110 | |a Tổng Cục Du lịch Việt Nam | ||
| 245 | 0 | |a Du lịch lễ hội Việt Nam = | |
| 245 | 0 | |b Tourism through festivals in Viet Nam = Le tourisme à travers des fêtes traditionelles au Viet Nam | |
| 245 | 0 | |c Tổng Cục Du lịch Việt Nam | |
| 260 | |a Hà Nội | ||
| 260 | |b Văn hóa Thông tin | ||
| 260 | |c 2003 | ||
| 650 | |a Việt Nam | ||
| 650 | |x Mô tả và du hành | ||
| 904 | |i Duy Bằng | ||
| 980 | |a Trung tâm Học liệu Trường Đại học Cần Thơ | ||